| 000 | 00747nas a2200265 4500 | ||
|---|---|---|---|
| 001 | BR9701167 | ||
| 003 | BR-BrBNA | ||
| 005 | 20231205100022.0 | ||
| 007 | ta | ||
| 008 | 230509b bl.|||p| |||| 00| 00por d | ||
| 040 |
_aBR-BrBNA _bpor _cBiblioteca Nacional de Agricultura |
||
| 041 | _a(Pt) | ||
| 072 | _aP11; P35 | ||
| 100 | 1 | _aAgra, M.G. | |
| 100 | 1 | _aCavalcante, L.F. | |
| 245 | 1 | _aEfeito da drenagem e do gesso agricola num solo irrigado por sais | |
| 650 | _aSolo | ||
| 650 | _aDrenagem | ||
| 650 | _aSodio | ||
| 650 | _aLixiviacao | ||
| 650 | _aGesso | ||
| 773 | 0 |
_tCiencia Agricola (Brazil) _xISSN 0103-8699 _g(Dec 1991/1992), v. 1(2) p. 151-158 _wBR9701167 |
|
| 909 |
_a202311 _bLúcia _c55 _dLúcia Elande |
||
| 942 |
_2AGRIS _n0 _cANA |
||
| 999 |
_c153943 _d153943 |
||